|
|
|
|
| LEADER |
00000nta a2200000 i 4500 |
| 001 |
dolg4834 |
| 005 |
20160823120301.0 |
| 008 |
160104suuuu hu om 000 eng d |
| 040 |
|
|
|a BGE Dolgozattár Repozitórium
|b hun
|
| 041 |
|
|
|a en
|
| 100 |
1 |
|
|a Lantos Katalin
|
| 245 |
1 |
0 |
|a Getting democracy right / Vázlatpontok a "sötét kor" anatómiájához
|c Lantos Katalin
|h [elektronikus dokumentum]
|
| 520 |
3 |
|
|a Az angol-magyar irányú fordítás a The Economist 2014-ben megjelent: What’s gone wrong with democracy? című esszéjének részlete. A magyar-angol irányú fordítás dr. Presing Lajos buddhista szellemi tanító művéből vett részlet: Van-e a hamburgernek Budha-természete? A szellemi út dilemmái a fogyasztói társadalomban
|
| 695 |
|
|
|a demokrácia,
|
| 695 |
|
|
|a buddhizmus
|
| 700 |
1 |
|
|a Kónyi Judit
|e ths
|
| 856 |
4 |
0 |
|u http://dolgozattar.uni-bge.hu/4834/1/Szakdolgozat.pdf
|z Dokumentum-elérés
|